[Event "Berks & Bucks op"]
[Site "Maidenhead"]
[Date "2022.08.28"]
[Round "4"]
[White "Holmes, Matthew A"]
[Black "Lip, Aloysius"]
[Result "0-1"]
[WhiteElo "1631"]
[BlackElo "1946"]
[PlyCount "108"]
[EventDate "2022.08.27"]
[EventType "swiss"]
[EventRounds "6"]
[EventCountry "ENG"]
[SourceTitle "CBM 210 Extra"]
[Source "ChessBase"]
[SourceDate "2022.11.30"]
[SourceVersion "1"]
[SourceVersionDate "2022.11.30"]
[SourceQuality "1"]

1. Nf3 d5 2. d4 c5 3. c4 e6 4. cxd5 exd5 5. g3 Nc6 6. Bg2 Nf6 7. 0-0 Be6 8. Bg5 h6 9. Bxf6 Qxf6 10. dxc5 Qxb2 11. Nbd2 Bxc5 12. Nb3 Bb6 13. e3 0-0 14. Re1 Rac8 15. Re2 Qf6 16. Rd2 Bg4 17. h3 Bh5 18. Rxd5 Bg6 19. Rd6 Qb2 20. Rd2 Qa3 21. Nfd4 Nxd4 22. Nxd4 Ba5 23. Nb5 Qb4 24. Rd5 Rc2 25. Rb1 Qe7 26. Nd4 Rxa2 27. Rxa5 Bxb1 28. Rxa2 Bxa2 29. Qa4 Be6 30. Qxa7 Bc8 31. Qb6 h5 32. h4 Rd8 33. Qb5 g6 34. Bf3 Rd6 35. Kg2 Kg7 36. Qc5 Bg4 37. Bxg4 hxg4 38. Kh2 b6 39. Qb4 Qd7 40. h5 Rd5 41. hxg6 Rh5+ 42. Kg1 Qd5 43. Kf1 Rh1+ 44. Ke2 Qa2+ 45. Kd3 Qb1+ 46. Qxb1 Rxb1 47. gxf7 Kxf7 48. Ke4 b5 49. Kf4 Rb4 50. Ke5 Rc4 51. Nxb5 Rc5+ 52. Kf4 Rxb5 53. Kxg4 Kf6 54. Kf4 Rf5+ 0-1

[Event "Berks & Bucks op"]
[Site "Maidenhead"]
[Date "2022.08.27"]
[Round "2"]
[White "Fallman, Jonathan C"]
[Black "Lip, Aloysius"]
[Result "1/2-1/2"]
[WhiteElo "1833"]
[BlackElo "1946"]
[PlyCount "123"]
[EventDate "2022.08.27"]
[EventType "swiss"]
[EventRounds "6"]
[EventCountry "ENG"]
[SourceTitle "CBM 210 Extra"]
[Source "ChessBase"]
[SourceDate "2022.11.30"]
[SourceVersion "1"]
[SourceVersionDate "2022.11.30"]
[SourceQuality "1"]

1. e4 e5 2. Nf3 Nc6 3. Bc4 Nf6 4. d4 Nxe4 5. dxe5 Qe7 6. 0-0 b6 7. Bd5 Ba6 8. Re1 Nxf2 9. Kxf2 Bb7 10. Kg1 h6 11. Nc3 0-0-0 12. Bf4 Qb4 13. Qd2 g5 14. Bg3 Qxb2 15. Rab1 Qa3 16. Nb5 Qa4 17. Bxf7 g4 18. Nh4 Bb4 19. c3 Bc5+ 20. Kh1 a6 21. Nxc7 Kxc7 22. e6+ Kc8 23. exd7+ Rxd7 24. Be6 Rhh7 25. Rbd1 Nd8 26. Bxd7+ Rxd7 27. Qxd7+ Qxd7 28. Rxd7 Kxd7 29. Nf5 Nf7 30. Bf4 h5 31. Be3 Ba3 32. Bxb6 Ng5 33. Kg1 Ne4 34. Bd4 Bc6 35. c4 Bb4 36. Rd1 Kc7 37. Be5+ Kb6 38. Rd8 Ka5 39. Rh8 Nd2 40. Rxh5 Nxc4 41. Nd4 Be8 42. Bc7+ Ka4 43. Rh6 a5 44. Nc6 Bd2 45. Rf6 Kb5 46. Nd4+ Kb4 47. Nb3 Be3+ 48. Kf1 a4 49. Na5 Nxa5 50. Bb6 Bd2 51. Ke2 Nc4 52. Bc7 Bb5 53. Kd1 Ka3 54. Rf2 Bb4 55. h4 gxh3 56. gxh3 Bc5 57. Rh2 Ne3+ 58. Kc1 Bd3 59. Kd2 Nf1+ 60. Kxd3 Nxh2 61. Bxh2 Kxa2 62. Kc2 1/2-1/2

[Event "Berks & Bucks op"]
[Site "Maidenhead"]
[Date "2022.08.27"]
[Round "1"]
[White "Lip, Aloysius"]
[Black "Shek, Daniel"]
[Result "0-1"]
[WhiteElo "1946"]
[BlackElo "1552"]
[PlyCount "88"]
[EventDate "2022.08.27"]
[EventType "swiss"]
[EventRounds "6"]
[EventCountry "ENG"]
[SourceTitle "CBM 210 Extra"]
[Source "ChessBase"]
[SourceDate "2022.11.30"]
[SourceVersion "1"]
[SourceVersionDate "2022.11.30"]
[SourceQuality "1"]

1. d4 Nf6 2. c4 c5 3. d5 e6 4. Nc3 exd5 5. cxd5 d6 6. e4 g6 7. Bg5 Bg7 8. Qd2 0-0 9. 0-0-0 Re8 10. Bd3 a6 11. f4 b5 12. Nf3 Bg4 13. Rde1 Bxf3 14. gxf3 Nbd7 15. h4 Qc7 16. Bc2 c4 17. Ne2 Nh5 18. f5 Ne5 19. Nd4 Nd3+ 20. Bxd3 Bxd4 21. Bc2 Bg7 22. Bh6 c3 23. Qe3 cxb2+ 24. Kb1 Rac8 25. Rh2 Qc3 26. Bxg7 Kxg7 27. Qf2 Nf4 28. Re3 Qc5 29. Qg1 Nxd5 30. Re1 Nc3+ 31. Kxb2 Na4+ 32. Kb1 Qb4+ 33. Bb3 Rc3 34. h5 Rxb3+ 35. axb3 Qxb3+ 36. Ka1 Nc3 37. Qd4+ Kg8 38. Qxd6 b4 39. Qxa6 Na4 40. Qc6 Rd8 41. Qc2 Qa3+ 42. Qa2 Qc3+ 43. Rb2 Qxe1+ 44. Rb1 Qc3+ 0-1